| 000 | 00594nam a2200217Ia 4500 | ||
|---|---|---|---|
| 005 | 20250326144033.0 | ||
| 008 | 250326s9999 xx 000 0 und d | ||
| 020 | _a1-4129-2751-X | ||
| 037 | _aTextbook | ||
| 040 |
_aFMSL _beng _cFMSL |
||
| 041 |
_aeng _2eng |
||
| 084 |
_aD65 P7 _qFMSL |
||
| 100 |
_aJavier R _9748940 |
||
| 245 | 0 |
_aHandbook of Adoption _cJavier R; Baden A L |
|
| 260 |
_aNew Delhi _bNew Delhi, Sage Publication _c2007 |
||
| 300 | _a487p | ||
| 365 | _b98721.847179999997 | ||
| 650 |
_aHandbook _9279951 |
||
| 942 |
_cTB _hD65 P7 |
||
| 999 |
_c1302102 _d1302102 |
||